=LDR 00000nam 2200000 4500 =001 INLIS000000000022385 =005 20130612121140 =008 ***********************************Ind** =035 ##$$0010-061300000022385 =041 ##$$a Ind =082 ##$$a 297 =090 ##$$a 297, Ali i =100 ##$$a Al-Isawi, Abdurrahman Muhammad =245 ##$$a Islam =260 ##$$a 2006 $b Jakarta =300 ##$$a xvi, 207 hlm, 21 cm =650 ##$$a Islam =850 ##$$a NBPNMAT